Statistics for 2020-21 UEFA Europa League Results

Click here to take the quiz!

General Stats

  • This quiz has been taken 294 times
  • The average score is 19 of 32

Answers on the Map

Answers color-coded by a green-red scale on the quiz's map according to % correct below.
 

Answer Stats

Club% Correct
๐Ÿด๓ ง๓ ข๓ ฅ๓ ฎ๓ ง๓ ฟManchester United
92%
๐Ÿ‡ช๐Ÿ‡ธVillarreal
88%
๐Ÿด๓ ง๓ ข๓ ฅ๓ ฎ๓ ง๓ ฟArsenal
85%
๐Ÿ‡ฎ๐Ÿ‡นRoma
83%
๐Ÿ‡ณ๐Ÿ‡ฑAjax
81%
๐Ÿ‡ต๐Ÿ‡นBenfica
73%
๐Ÿ‡ญ๐Ÿ‡ทDinamo Zagreb
72%
๐Ÿ‡ฎ๐Ÿ‡นMilan
70%
๐Ÿด๓ ง๓ ข๓ ณ๓ ฃ๓ ด๓ ฟRangers
69%
๐Ÿ‡ฌ๐Ÿ‡ทOlympiacos
68%
๐Ÿด๓ ง๓ ข๓ ฅ๓ ฎ๓ ง๓ ฟTottenham Hotspur
68%
๐Ÿ‡บ๐Ÿ‡ฆ
Dynamo Kyiv
66%
๐Ÿ‡ณ๐Ÿ‡ฑPSV Eindhoven
66%
๐Ÿ‡ง๐Ÿ‡ชClub Brugge
65%
๐Ÿ‡ฎ๐Ÿ‡นNapoli
65%
๐Ÿ‡บ๐Ÿ‡ฆShakhtar Donetsk
63%
๐Ÿ‡จ๐Ÿ‡ฟSlavia Prague
63%
๐Ÿ‡ต๐Ÿ‡นBraga
62%
๐Ÿ‡ฉ๐Ÿ‡ชBayer 04 Leverkusen
59%
๐Ÿ‡ฆ๐Ÿ‡นRB Salzburg
58%
๐Ÿ‡ซ๐Ÿ‡ทLille
56%
๐Ÿ‡จ๐Ÿ‡ญYoung Boys
56%
๐Ÿ‡ช๐Ÿ‡ธReal Sociedad
55%
๐Ÿด๓ ง๓ ข๓ ฅ๓ ฎ๓ ง๓ ฟLeicester City
52%
๐Ÿ‡ท๐Ÿ‡ธRed Star Belgrade
51%
๐Ÿ‡ณ๐Ÿ‡ดMolde
43%
๐Ÿ‡ช๐Ÿ‡ธGranada
42%
๐Ÿ‡ฎ๐Ÿ‡ฑMaccabi Tel Aviv
42%
๐Ÿ‡ง๐Ÿ‡ชAntwerp
41%
๐Ÿ‡ท๐Ÿ‡บKrasnodar
41%
๐Ÿ‡ฆ๐Ÿ‡นWolfsberger AC
29%
๐Ÿ‡ฉ๐Ÿ‡ช1899 Hoffenheim
26%

Score Distribution

Percentile by Number Answered

Percent of People with Each Score

Your Score History

You have not taken this quiz